Statistics for Every Shakira Song on the Billboard Hot 100

Click here to take the quiz!

General Stats

  • This quiz has been taken 217 times
    (143 since last reset)
  • The average score is 11 of 22

Answer Stats

#YearSong% Correct
12006Hips Don't Lie ft. Wyclef Jean
91%
382010Waka Waka (This Time For Africa) ft. Freshlyground
87%
112009She Wolf
77%
62001Whenever, Whereve
76%
322010Loca
74%
512017Chantaje ft. Maluma
67%
232005La Tortura ft. Alejandro Sanz
64%
532014Dare (La La La)
63%
152014Can't Remember To Forget You ft. Rihanna
62%
32007Beautiful Liar (Beyoncé)
52%
92002Underneath Your Clothes
48%
552002Objection (Tango)
46%
952016La Bicicleta (Carlos Vives)
42%
582014Empire
40%
832017Me Enamore
40%
1002017Perro Fiel ft. Nicky Jam
35%
652010Gypsy
33%
422005Don't Bother
32%
292009Give It Up To Me ft. Lil Wayne
27%
632016Try Everything
27%
892012Get It Started (Pitbull)
18%
672021Girl Like Me (Black Eyed Peas)
7%

Score Distribution

Percentile by Number Answered

Percent of People with Each Score

Your Score History

You have not taken this quiz since the last reset